The animal atlas / (Record no. 305844)
[ view plain ]
| 000 -LEADER | |
|---|---|
| fixed length control field | 00664nam a2200241Ia 4500 |
| 008 - FIXED-LENGTH DATA ELEMENTS--GENERAL INFORMATION | |
| fixed length control field | 170203s9999 xx 000 0 und d |
| 020 ## - INTERNATIONAL STANDARD BOOK NUMBER | |
| International Standard Book Number | 174124031x |
| 050 ## - LIBRARY OF CONGRESS CALL NUMBER | |
| Classification number | 912 |
| 050 ## - LIBRARY OF CONGRESS CALL NUMBER | |
| Item number | D366a 2002 |
| 100 ## - MAIN ENTRY--PERSONAL NAME | |
| Personal name | de Luca, Daniela. |
| 245 #4 - TITLE STATEMENT | |
| Title | The animal atlas / |
| 245 ## - TITLE STATEMENT | |
| Statement of responsibility, etc | Daniela De Luca ; [text: Anne McRae, Marco Nardi ; illustrations Daniela De Luca]. |
| 260 ## - PUBLICATION, DISTRIBUTION, ETC. (IMPRINT) | |
| Place of publication, distribution, etc | Rowville, Vic. : |
| 260 ## - PUBLICATION, DISTRIBUTION, ETC. (IMPRINT) | |
| Name of publisher, distributor, etc | Five Mile Press, |
| 260 ## - PUBLICATION, DISTRIBUTION, ETC. (IMPRINT) | |
| Date of publication, distribution, etc | 2002 |
| 300 ## - PHYSICAL DESCRIPTION | |
| Extent | 29 pages : |
| 300 ## - PHYSICAL DESCRIPTION | |
| Other physical details | color illustrations, color maps ; |
| 300 ## - PHYSICAL DESCRIPTION | |
| Dimensions | 34 cm. |
| 500 ## - GENERAL NOTE | |
| General note | Includes index. |
| 650 ## - SUBJECT ADDED ENTRY--TOPICAL TERM | |
| Topical term or geographic name as entry element | Animals -- |
| 650 ## - SUBJECT ADDED ENTRY--TOPICAL TERM | |
| Topical term or geographic name as entry element | Animals. |
| 650 ## - SUBJECT ADDED ENTRY--TOPICAL TERM | |
| General subdivision | Juvenile literature. |
| Withdrawn status | Lost status | Damaged status | Home library | Current library | Shelving location | Date acquired | Total Checkouts | Full call number | Barcode | Date last seen | Price effective from | Koha item type |
|---|---|---|---|---|---|---|---|---|---|---|---|---|
| Stonyhurst Southville International School (Batangas) | Stonyhurst Southville International School (Batangas) | 02/03/2017 | Ref. 912 .D366a 2002 | US- 0726 | 02/03/2017 | 02/03/2017 | Books |